000
00291nam a22001337a 4500
008
210519b ||||| |||| 00| 0 eng d
041
_a
eng
080
_a
721
082
_a
721
100
_a
41
101
_a
NDER
245
_a
Carpenters and Builders Library
_c
Ball,J.E
942
_2
udc
_c
BK
999
_c
57494
_d
57494